| 000 | 00452cam a2200157ua 4500 | ||
|---|---|---|---|
| 041 |
_aeng _h |
||
| 082 |
_a828.09 _bBEL/ME |
||
| 100 | _aBeljame, Alexandre . | ||
| 245 |
_aMen of letters and the english public ain the eighteenth century / _cAlexandre Beljame. _hTextual Documents |
||
| 250 |
_a2 / _b. |
||
| 260 |
_aLondon : _bKegon Paul, Trench, Trubner &Co Ltd. , _c1897. |
||
| 300 | _a501 ; . | ||
| 504 | _a | ||
| 942 | _cBK | ||
| 999 |
_c8639 _d8639 |
||